书目信息 |
| 题名: |
中国社会史
|
|
| 作者: | 谢和耐 著 ;黄建华 , 黄迅余 译 | |
| 分册: | ||
| 出版信息: | 南京 江苏人民出版社 2014.03 |
|
| 页数: | 644页 | |
| 开本: | 22cm | |
| 丛书名: | ||
| 单 册: | ||
| 中图分类: | K207 | |
| 科图分类: | ||
| 主题词: | 中国--通史 | |
| 电子资源: | ||
| ISBN: | 7-214-07780-9 | |
| 000 | 00695nam0 2200217 450 | |
| 001 | 2655720756 | |
| 005 | 20260413153057.00 | |
| 010 | @a7-214-07780-9@dCNY68.00 | |
| 100 | @a20260413d2014 km y0chiy0120 ea | |
| 101 | 0 | @achi |
| 102 | @aCN@b320000 | |
| 200 | 1 | @a中国社会史@AZhong Guo She Hui Shi@f(法)谢和耐著@F(Fa)Xie He Nai Zhu@g黄建华,黄迅余译@GHuang Jian Hua,Huang Xun Yu Yi |
| 210 | @a南京@c江苏人民出版社@d2014.03 | |
| 215 | @a644页@d22cm | |
| 606 | 0 | @a中国@x通史 |
| 690 | @aK207@v4 | |
| 701 | 0 | @a谢和耐@AXie He Nai@4著 |
| 702 | 0 | @a黄建华@AHuang Jian Hua@4译 |
| 702 | 0 | @a黄迅余@AHuang Xun Yu@4译 |
| 801 | 0 | @aCN@b大连网信软件有限公司图书馆·11@c20260413 |
| 905 | @aZUCC@dK207@eZW384 | |
| 中国社会史/(法)谢和耐著/黄建华,黄迅余译.-南京:江苏人民出版社,2014.03 |
| 644页;22cm |
| ISBN 7-214-07780-9:CNY68.00 |
| ● |
| 相关链接 |
|
|
|
|
正题名:中国社会史
索取号:K207/ZW384
 
预约/预借
| 序号 | 登录号 | 条形码 | 馆藏地/架位号 | 状态 | 备注 |
| 1 | 7621280 | 276212803 | 密集书库-文学院/ [索取号:K207/ZW384] | 在馆 |